| 000 | 00360pab a2200157 454500 | ||
|---|---|---|---|
| 008 | 180718b2006 xxu||||| |||| 00| 0 eng d | ||
| 100 | _aSen, Sankar | ||
| 245 | _aViolence prone police officers | ||
| 260 | _c2006 | ||
| 300 | _ap.73-78. | ||
| 362 | _aApr-Jun | ||
| 650 | _aViolence | ||
| 650 | _aPolice | ||
| 773 | _aIndian Police Journal | ||
| 909 | _a70566 | ||
| 999 |
_c70566 _d70566 |
||